000 00570nam a2200277Ia 4500
005 20260401122201.0
008 008 250103s9999 xx 000 0 eng d
020 _a8172017839
037 _aTB
040 _aEDL
040 _beng
040 _cEDL
041 _2eng
041 _aeng
084 _a891.4 GEO
084 _qEDL
245 0 _aPlays and Prose
260 _aNew Delhi
260 _bSahitya Akademi
260 _c1994
300 _a727p
942 _cTB
942 _h891.4 GEO
999 _c1845473
_d1845473